Azərbaycan ladlarının tədrisinə dair müntəxəbat (Record no. 450)
[ view plain ]
| 000 -LEADER | |
|---|---|
| fixed length control field | 02201nam a22003737a 4500 |
| 003 - CONTROL NUMBER IDENTIFIER | |
| control field | OSt |
| 005 - DATE AND TIME OF LATEST TRANSACTION | |
| control field | 20260513141120.0 |
| 008 - FIXED-LENGTH DATA ELEMENTS--GENERAL INFORMATION | |
| fixed length control field | 260513b |||||||| |||| 00| 0 aze d |
| 040 ## - CATALOGING SOURCE | |
| Original cataloging agency | AZ-XaKU |
| Language of cataloging | aze |
| Transcribing agency | AZ-XaKU |
| 041 0# - LANGUAGE CODE | |
| Language code of text/sound track or separate title | aze |
| 050 14 - LIBRARY OF CONGRESS CALL NUMBER | |
| Classification number | MT50 .SE94 .C8178 2015 |
| 100 1# - MAIN ENTRY--PERSONAL NAME | |
| Personal name | Seyidov, Tərlan, |
| Titles and words associated with a name | professor, sənəşünaslı üzrə elmlər doktoru |
| Dates associated with a name | 1943 - ; |
| Relator term | müəllif |
| 245 10 - TITLE STATEMENT | |
| Title | Azərbaycan ladlarının tədrisinə dair müntəxəbat |
| Remainder of title | II hissə: Azərbaycan bəstəkarlarının əsərlərindən parçalar (opera və musiqili komediyalar) |
| Statement of responsibility, etc. | / Tərlan Seyidov |
| 250 ## - EDITION STATEMENT | |
| Edition statement | 2-ci hissə |
| 264 ## - PRODUCTION, PUBLICATION, DISTRIBUTION, MANUFACTURE, AND COPYRIGHT NOTICE | |
| Place of production, publication, distribution, manufacture | Bakı: |
| Name of producer, publisher, distributor, manufacturer | Şərq-Qərb, |
| Date of production, publication, distribution, manufacture, or copyright notice | 2015. |
| 300 ## - PHYSICAL DESCRIPTION | |
| Extent | 120 səhifə ; |
| Other physical details | notlar ; |
| Dimensions | 28.5 sm. |
| 336 ## - CONTENT TYPE | |
| Content type term | text |
| Content type code | txt |
| Source | rdacontent |
| 337 ## - MEDIA TYPE | |
| Media type term | unmediated |
| Media type code | n |
| Source | rdamedia |
| 338 ## - CARRIER TYPE | |
| Carrier type term | volume |
| Carrier type code | nc |
| Source | rdacarrier |
| 504 ## - BIBLIOGRAPHY, ETC. NOTE | |
| Bibliography, etc. note | Biblioqrafiya: səh. 114-116 |
| 505 0# - Formatted Contents Note | |
| Formatted contents note | Rast -- Şur -- Segah -- Şüştər -- Çahargah --Bayatı-şiraz -- Hümayun |
| 520 ## - SUMMARY, ETC. | |
| Summary, etc. | Dərs vəsaitiAzərbaycan Respublikasının Mədəniyyət və Turizm Nazirliyi tərəfindən nəşr olunan Fərhad Bədəlbəylinin və Tərlan Seyidovun tərtib etdikləri "Üzeyirhacıbəylinin elmisistemi əsasında milli lad təfəkkürünün inkişafı Proqramı" (Bakı, 2012) əsasında hazırlanıb. Şagirdlər üçün təqdim olunan çoxcildli dərs vəsaitində Azərbaycan xalq və profesional musiqisi ilk dəfə lad cəhətdən sistemləşməyə məruz qalır: təhlil olunan və tədris üçün seçilən musiqi janrlarına aid nümunələr yeddi əsas milli lada uyğun səciyyələnib. Dərs vəsaiti Üzeyir Hacıbəyli adına Bakı Musiqi Akademiyasının elmi-eksperimental bazası olan Orta ixstisaslaşdırılmış musiqi məktəb-studiyasında hazırlanıb. |
| 521 ## - TARGET AUDIENCE NOTE | |
| Target audience note | Musiqi tədrisi müəssisələri üçün |
| 650 #7 - SUBJECT ADDED ENTRY--TOPICAL TERM | |
| Source of heading or term | AZ-XaKU |
| Topical term or geographic name entry element | Musiqişünaslıq |
| 655 ## - INDEX TERM--GENRE/FORM | |
| Genre/form data or focus term | dərs vəsaiti |
| 700 1# - ADDED ENTRY--PERSONAL NAME | |
| Personal name | Həsənova, Cəmilə, |
| Relator term | müəllif |
| 700 1# - ADDED ENTRY--PERSONAL NAME | |
| Personal name | İbrahimova, Aytən, |
| Relator term | müəllif |
| 700 1# - ADDED ENTRY--PERSONAL NAME | |
| Personal name | Bədəlbəyli, Fərhad, |
| Relator term | elmi redaktor |
| 700 1# - ADDED ENTRY--PERSONAL NAME | |
| Personal name | Zöhrabova, leyla, |
| Relator term | redaktor |
| 700 1# - ADDED ENTRY--PERSONAL NAME | |
| Personal name | Məlikov, Arif, |
| Relator term | rəyçi |
| 700 1# - ADDED ENTRY--PERSONAL NAME | |
| Personal name | Zöhrabov, Ramiz, |
| Relator term | rəyçi |
| 942 ## - ADDED ENTRY ELEMENTS (KOHA) | |
| Koha item type | Book |
No items available.